000
00311nam a2200133Ia 4500
008
191201s2011 xx 000 0 und d
100
_a
KAHATE, Atul
245
0
_a
Cryptography and Network Security
250
_a
12 Rep
260
_c
2011
_b
MGH
_a
N. delhi
300
_a
541
650
_a
CSE
942
_2
ddc
_c
BB
_0
2
999
_c
7425
_d
7425